Normal view
MARC view
Entry Personal Name
001 - CONTROL NUMBER
- control field: 42598
003 - CONTROL NUMBER IDENTIFIER
- control field: dpl
005 - DATE AND TIME OF LATEST TRANSACTION
- control field: 20120218131344.0
008 - FIXED-LENGTH DATA ELEMENTS
- fixed length control field: 120218|||a|||||| | ||| d
040 ## - CATALOGING SOURCE
- Original cataloging agency: dpl
- Transcribing agency: dpl
100 ## - HEADING--PERSONAL NAME
- Personal name: Finkelstein, Rich
670 ## - SOURCE DATA FOUND
- Source citation: Work cat.: (dpl): Finkelstein, Rich, Oracle power objects developer's guide /, 1997
670 ## - SOURCE DATA FOUND
- Source citation: Work cat.: (dpl): Finkelstein, Rich, Oracle power objects developer's guide /, 1997
